PROFIT$ FROM VISUALS : (Record no. 204170)

MARC details
000 -LEADER
fixed length control field 01060nam a2200277 i 4500
005 - DATE AND TIME OF LATEST TRANSACTION
control field 20260511170256.0
008 - FIXED-LENGTH DATA ELEMENTS--GENERAL INFORMATION
fixed length control field 260511t20252025my a gr 000 0ceng d
020 ## - INTERNATIONAL STANDARD BOOK NUMBER
International Standard Book Number 9786299694328
Terms of availability RM89.00
Qualifying information paperback
040 ## - CATALOGING SOURCE
Original cataloging agency PPAK
Language of cataloging eng
Transcribing agency PPAK
Description conventions rda
082 04 - DEWEY DECIMAL CLASSIFICATION NUMBER
Edition number 23
Classification number 302.226
090 00 - LOCALLY ASSIGNED LC-TYPE CALL NUMBER (OCLC); LOCAL CALL NUMBER (RLIN)
Classification number (OCLC) (R) ; Classification number, CALL (RLIN) (NR) 302.226
Feature heading RUZ
Feature heading G
100 0# - MAIN ENTRY--PERSONAL NAME
Personal name Ruzaimi Mat Rani,
Titles and words associated with a name Dr.,
Relator term author.
245 10 - TITLE STATEMENT
Title PROFIT$ FROM VISUALS :
Remainder of title How Visuals Drive Profit for Individuals and Organizations /
Statement of responsibility, etc. Author: Dr. Ruzaimi Mat Rani, Amirul Iskandar Mannan, Dr. Izham Abdul Ghani
264 #1 - PRODUCTION, PUBLICATION, DISTRIBUTION, MANUFACTURE, AND COPYRIGHT NOTICE
Place of production, publication, distribution, manufacture Petaling Jaya, Selangor :
Name of producer, publisher, distributor, manufacturer Media Mulia Sdn. Bhd.,
Date of production, publication, distribution, manufacture, or copyright notice [2025]
Date of production, publication, distribution, manufacture, or copyright notice ©2025
300 ## - PHYSICAL DESCRIPTION
Extent ix, 236 pages :
Other physical details colour illustrations ;
Dimensions 23 cm
336 ## - CONTENT TYPE
Content type term text
Source rdacontent
337 ## - MEDIA TYPE
Media type term unmediated
Source rdamedia
338 ## - CARRIER TYPE
Carrier type term volume
Source rdacarrier
650 10 - SUBJECT ADDED ENTRY--TOPICAL TERM
Topical term or geographic name entry element Visual communication
Topical term or geographic name entry element Business communication
Topical term or geographic name entry element Information visualization
700 0# - ADDED ENTRY--PERSONAL NAME
Personal name Amirul Iskandar Mannan,
Relator term author.
Personal name Izham Abdul Ghani,
Titles and other words associated with a name Dr.,
Relator term author.
942 ## - ADDED ENTRY ELEMENTS (KOHA)
Source of classification or shelving scheme Dewey Decimal Classification
Koha item type Book

No items available.